<?xml version="1.0" encoding="UTF-8"?>
<record
    xmlns:xsi="http://www.w3.org/2001/XMLSchema-instance"
    xsi:schemaLocation="http://www.loc.gov/MARC21/slim http://www.loc.gov/standards/marcxml/schema/MARC21slim.xsd"
    xmlns="http://www.loc.gov/MARC21/slim">

  <leader>01307nam a2200325 i 4500</leader>
  <controlfield tag="003">EG-GICUC</controlfield>
  <controlfield tag="005">20260126172422.0</controlfield>
  <controlfield tag="008">260109s2010    |||||||fr|||| 00| 0 ara d</controlfield>
  <datafield tag="017" ind1=" " ind2=" ">
    <subfield code="a">2009/10567</subfield>
  </datafield>
  <datafield tag="020" ind1=" " ind2=" ">
    <subfield code="a">9789773286095</subfield>
  </datafield>
  <datafield tag="040" ind1=" " ind2=" ">
    <subfield code="a"> EG-GICUC</subfield>
    <subfield code="b">ara</subfield>
    <subfield code="c"> EG-GICUC</subfield>
    <subfield code="d"> EG-GICUC</subfield>
    <subfield code="e">rda</subfield>
  </datafield>
  <datafield tag="041" ind1=" " ind2=" ">
    <subfield code="a">ara</subfield>
  </datafield>
  <datafield tag="082" ind1="0" ind2="4">
    <subfield code="2">21</subfield>
    <subfield code="a">343.39065</subfield>
    <subfield code="b">&#x639; &#x627; . &#x62D;</subfield>
  </datafield>
  <datafield tag="092" ind1="0" ind2="4">
    <subfield code="2">21</subfield>
  </datafield>
  <datafield tag="099" ind1=" " ind2=" ">
    <subfield code="a">Law1 10 343.39065 &#x639; &#x627; . &#x62D;2010</subfield>
  </datafield>
  <datafield tag="100" ind1="0" ind2=" ">
    <subfield code="a">&#x639;&#x627;&#x626;&#x634;&#x629; &#x628;&#x646; &#x642;&#x627;&#x631;&#x629; &#x645;&#x635;&#x637;&#x641;&#x649;</subfield>
    <subfield code="e">&#x645;&#x624;&#x644;&#x641;.</subfield>
  </datafield>
  <datafield tag="245" ind1="1" ind2="0">
    <subfield code="a">&#x62D;&#x62C;&#x64A;&#x629; &#x627;&#x644;&#x62F;&#x644;&#x64A;&#x644; &#x627;&#x644;&#x627;&#x644;&#x643;&#x62A;&#x631;&#x648;&#x646;&#x64A; &#x641;&#x649; &#x645;&#x62C;&#x627;&#x644; &#x627;&#x644;&#x625;&#x62B;&#x628;&#x627;&#x62A; &#x627;&#x644;&#x62C;&#x646;&#x627;&#x626;&#x649; :</subfield>
    <subfield code="b">&#x641;&#x649; &#x627;&#x644;&#x642;&#x627;&#x646;&#x648;&#x646; &#x627;&#x644;&#x62C;&#x632;&#x627;&#x626;&#x631;&#x649; &#x648;&#x627;&#x644;&#x642;&#x627;&#x646;&#x648;&#x646; &#x627;&#x644;&#x645;&#x642;&#x627;&#x631;&#x646; /</subfield>
    <subfield code="c">&#x625;&#x639;&#x62F;&#x627;&#x62F; &#x627;&#x644;&#x623;&#x633;&#x62A;&#x627;&#x630;&#x629; &#x639;&#x627;&#x626;&#x634;&#x629; &#x628;&#x646; &#x642;&#x627;&#x631;&#x629; &#x645;&#x635;&#x637;&#x641;&#x649;.</subfield>
  </datafield>
  <datafield tag="264" ind1=" " ind2="1">
    <subfield code="a">&#x627;&#x644;&#x627;&#x633;&#x643;&#x646;&#x62F;&#x631;&#x64A;&#x629; :</subfield>
    <subfield code="b">&#x62F;&#x627;&#x631; &#x627;&#x644;&#x62C;&#x627;&#x645;&#x639;&#x629; &#x627;&#x644;&#x62C;&#x62F;&#x64A;&#x62F;&#x629;&#x60C;</subfield>
    <subfield code="c">2010.</subfield>
  </datafield>
  <datafield tag="300" ind1=" " ind2=" ">
    <subfield code="a">324 &#x635;&#x641;&#x62D;&#x629; ;</subfield>
    <subfield code="c">24 &#x633;&#x645;.</subfield>
  </datafield>
  <datafield tag="336" ind1=" " ind2=" ">
    <subfield code="2">rda content</subfield>
    <subfield code="a">text</subfield>
  </datafield>
  <datafield tag="337" ind1=" " ind2=" ">
    <subfield code="2">rda media</subfield>
    <subfield code="a">Computer</subfield>
  </datafield>
  <datafield tag="338" ind1=" " ind2=" ">
    <subfield code="2">rda carrier</subfield>
    <subfield code="a">Online Resource</subfield>
  </datafield>
  <datafield tag="504" ind1=" " ind2=" ">
    <subfield code="a">&#x64A;&#x634;&#x62A;&#x645;&#x644; &#x639;&#x644;&#x649; &#x625;&#x631;&#x62C;&#x627;&#x639;&#x627;&#x62A; &#x628;&#x628;&#x644;&#x64A;&#x648;&#x62C;&#x631;&#x627;&#x641;&#x64A;&#x629;.</subfield>
  </datafield>
  <datafield tag="650" ind1="1" ind2=" ">
    <subfield code="a">&#x627;&#x644;&#x642;&#x627;&#x646;&#x648;&#x646; &#x627;&#x644;&#x62C;&#x646;&#x627;&#x626;&#x64A;</subfield>
  </datafield>
  <datafield tag="650" ind1="1" ind2=" ">
    <subfield code="a">&#x627;&#x644;&#x625;&#x62B;&#x628;&#x627;&#x62A; &#x627;&#x644;&#x62C;&#x646;&#x627;&#x626;&#x64A;</subfield>
    <subfield code="z">&#x627;&#x644;&#x62C;&#x632;&#x627;&#x626;&#x631;</subfield>
  </datafield>
  <datafield tag="650" ind1="1" ind2=" ">
    <subfield code="a">&#x627;&#x644;&#x62F;&#x644;&#x64A;&#x644; &#x627;&#x644;&#x627;&#x644;&#x643;&#x62A;&#x631;&#x648;&#x646;&#x64A;</subfield>
  </datafield>
  <datafield tag="856" ind1="4" ind2="0">
    <subfield code="u">https://fll.law.cu.edu.eg/fulltext/bks/B10-05959.pdf</subfield>
  </datafield>
  <datafield tag="905" ind1=" " ind2=" ">
    <subfield code="a">43</subfield>
    <subfield code="e">Yara</subfield>
  </datafield>
  <datafield tag="942" ind1=" " ind2=" ">
    <subfield code="2">ddc</subfield>
    <subfield code="n">0</subfield>
    <subfield code="c">BK</subfield>
    <subfield code="e">21</subfield>
  </datafield>
  <datafield tag="999" ind1=" " ind2=" ">
    <subfield code="c">55841</subfield>
    <subfield code="d">55841</subfield>
  </datafield>
  <datafield tag="952" ind1=" " ind2=" ">
    <subfield code="0">0</subfield>
    <subfield code="1">0</subfield>
    <subfield code="2">ddc</subfield>
    <subfield code="4">0</subfield>
    <subfield code="7">1</subfield>
    <subfield code="8">&#x627;&#x644;&#x642;&#x627;&#x646;&#x648;&#x646; &#x627;&#x644;&#x62C;&#x646;&#x627;&#x626;&#x64A;</subfield>
    <subfield code="a">CU</subfield>
    <subfield code="b">LAW1</subfield>
    <subfield code="d">2026-01-09</subfield>
    <subfield code="l">0</subfield>
    <subfield code="o">Law1 10 343.39065 &#x639; &#x627; . &#x62D;2010 1005959 C1</subfield>
    <subfield code="p">B10-05959</subfield>
    <subfield code="r">2026-01-09 23:34:18</subfield>
    <subfield code="t">1</subfield>
    <subfield code="w">2026-01-09</subfield>
    <subfield code="y">BK</subfield>
  </datafield>
  <datafield tag="952" ind1=" " ind2=" ">
    <subfield code="0">0</subfield>
    <subfield code="1">0</subfield>
    <subfield code="2">ddc</subfield>
    <subfield code="4">0</subfield>
    <subfield code="7">0</subfield>
    <subfield code="8">&#x627;&#x644;&#x642;&#x627;&#x646;&#x648;&#x646; &#x627;&#x644;&#x62C;&#x646;&#x627;&#x626;&#x64A;</subfield>
    <subfield code="a">CU</subfield>
    <subfield code="b">LAW1</subfield>
    <subfield code="d">2026-01-09</subfield>
    <subfield code="l">0</subfield>
    <subfield code="o">Law1 10 343.39065 &#x639; &#x627; . &#x62D;2010 1005960 C2</subfield>
    <subfield code="p">B10-05960</subfield>
    <subfield code="r">2026-01-09 23:34:55</subfield>
    <subfield code="t">2</subfield>
    <subfield code="w">2026-01-09</subfield>
    <subfield code="y">BK</subfield>
  </datafield>
</record>
